Central Library OPAC University of Rajshahi

The clinical treatment of the problem child / (Record no. 29616)

MARC details
000 -LEADER
fixed length control field 00967cam a22002891 4500
001 - CONTROL NUMBER
control field 29616
003 - CONTROL NUMBER IDENTIFIER
rucl marc code BD-RjUL
005 - DATE AND TIME OF LATEST TRANSACTION
control field 20211209051432.0
008 - FIXED-LENGTH DATA ELEMENTS--GENERAL INFORMATION
fixed length control field 140406s1939 mau b 001 0 eng d
035 ## - SYSTEM CONTROL NUMBER
System control number (BD-RjUL) 29701
System control number (OCoLC)265352
040 ## - CATALOGING SOURCE
Original cataloging agency DLC
Transcribing agency ODaWU
Modifying agency OCoLC
-- NBrockU
-- NjSoVA
-- DLC
-- BD-RjUL
Language of cataloging eng
041 ## - LANGUAGE CODE
Language code of text/sound track or separate title eng
082 00 - DEWEY DECIMAL CLASSIFICATION NUMBER
Classification number 136.76
Author mark and year ROC 1939
100 1# - MAIN ENTRY--PERSONAL NAME
Personal name Rogers, Carl R.
Fuller form of name (Carl Ransom),
Dates associated with a name 1902-1987.
9 (RLIN) 88248
245 14 - TITLE STATEMENT
Title The clinical treatment of the problem child /
Statement of responsibility, etc. by Carl R. Rogers.
260 ## - PUBLICATION, DISTRIBUTION, ETC. (IMPRINT)
Place of publication, distribution, etc. Boston ;
-- New York :
Name of publisher, distributor, etc. Houghton Mifflin company,
Date of publication, distribution, etc. c1939.
300 ## - PHYSICAL DESCRIPTION
Pagination xiii, 393 p. ;
Size 23 cm.
500 ## - GENERAL NOTE
General note "Under the editorship of Leonard Carmichael."
504 ## - BIBLIOGRAPHY, ETC. NOTE
Bibliography, etc Bibliography at end of most chapters. and Index
650 #0 - SUBJECT ADDED ENTRY--TOPICAL TERM
Topical term or geographic name as entry element Psychology, Pathological.
9 (RLIN) 90244
Topical term or geographic name as entry element Exceptional children.
9 (RLIN) 16763
Topical term or geographic name as entry element Juvenile delinquency.
9 (RLIN) 90245
942 ## - ADDED ENTRY ELEMENTS (KOHA)
Source of classification or shelving scheme Dewey Decimal Classification
Koha item type Books
Holdings
Lost status Source of classification or shelving scheme Damaged status Not for loan Collection code Permanent Location Current Location Shelving location Date acquired Source of acquisition Cost, normal purchase price Total Checkouts Full call number Date last seen Copy number Koha item type
  Dewey Decimal Classification   Added to bundle Non-fiction Central Library, University of Rajshahi Central Library, University of Rajshahi Reading Room 05/04/1956 A. B. C. 34.00   136.76 ROC 1939 06/04/2014 C-1 Books